| 000 | 01583cam a22002775a 4500 | ||
|---|---|---|---|
| 001 | L158161 | ||
| 008 | 111107s2014 xxko f 000 0 eng d | ||
| 020 | _a9781848063754 | ||
| 035 | _a(Sirsi) u158161 | ||
| 041 | 0 | _aeng | |
| 050 | 0 | 4 | _a333.72 $2 18 |
| 100 | 1 | _aCheng, Hong | |
| 245 | 0 | 0 |
_aLocating ventilation inlets to reduce ingress of external pollutants into buildings _bA new methodology |
| 260 |
_aWatford _bBRE _c2014 |
||
| 300 |
_a16p. _bill. _c30cm. |
||
| 490 | 0 |
_aBRE Information Paper _v(9/14) |
|
| 520 | _aThis information paper focuses on use of Pollutant Ingress Index to develop more effective ventilation of buildings. Effective ventilation of buildings to provide optimum indoor air quality relies on good outdoor air quality in the locality of the building. However, in practice, outdoor air is often contaminated by pollutants from external sources. A new methodology giving a Pollutant Ingress Index has been developed to identify the areas of a building where pollutant ingress is most likely to occur and to determine the relative magnitude of this ingress. Application of the methodology will assist with optimum placement of building ventilation inlets, carrying out more effective air quality assessments in relation to indoor air quality, and developing strategies to protect building occupants from toxic contaminants releases. | ||
| 521 | _aAdvanced | ||
| 590 | _aKA | ||
| 650 | 2 | 4 | _aPollutant Ingress Index |
| 651 | 4 |
_aUnited Kingdom _y |
|
| 690 |
_aEnvironment _96238 |
||
| 700 | 1 | _aKukadia, Vina | |
| 700 | 1 | _aHall, David | |
| 942 | _n0 | ||
| 999 |
_c115178 _d115178 |
||